000 00512nam a2200205Ia 4500
005 20250326141623.0
008 250326s9999 xx 000 0 und d
020 _a0-314-76552-2
037 _aTextbook
040 _aFMSL
_beng
_cFMSL
041 _aeng
_2eng
084 _aX:99G N1
_qFMSL
100 _aKossen S
_9742271
245 0 _aSupervision
_cKossen S
250 _a2
260 _aNY
_bNY, West Pub. Co.
_c1990
300 _a559p
942 _cTB
_hX:99G N1
999 _c1291178
_d1291178